| 000 | 00953nam a22002655a 4500 | ||
|---|---|---|---|
| 005 | 20170108111209.0 | ||
| 008 | 150329t2016 maua frbd 001 0 eng d | ||
| 020 | _a9781284074734 | ||
| 040 |
_aEG-ScBUE _beng _cEG-ScBUE _dEG-ScBUE |
||
| 082 | 0 | 4 |
_222 _a610.730711 _bEVI |
| 245 | 0 | 0 |
_aEvidence-based teaching in nursing : _ba foundation for educators / _cedited by Sharon Cannon, Carol Boswell. |
| 250 | _a2nd ed. | ||
| 260 |
_aBurlington : _bJones & Bartlett Learning, _cc.2016. |
||
| 300 |
_axii, 339 p. : _bill. ; _c23 cm. |
||
| 500 | _aIncludes on line access code. | ||
| 500 | _aIndex : p. 333-339. | ||
| 500 | _aGlossary : p. 321-332. | ||
| 504 | _aIncludes bibliographical references. | ||
| 650 | 7 |
_936329 _aNursing _xStudy and teaching. _2BUEsh |
|
| 651 | _2BUEsh | ||
| 653 |
_bNNUR _cMarch2015 _cJanuary2017 |
||
| 700 | 1 |
_936328 _aCannon, Sharon, _d1940- _eeditor. |
|
| 700 | 1 |
_936330 _a Boswell, Carol, _eeditor. |
|
| 942 |
_2ddc _k610.730711 EVI |
||
| 999 |
_c19133 _d19105 |
||